Austrália - Statistics

Estatísticas Gerais
  • Esse quiz foi jogado 17 vezes
  • A pontuação média é 4 de 15
Estatísticas das Respostas
Imagem Resposta % Correto
Canguru
100%
Bumerangue
53%
Ópera de Sidney
41%
Tasmânia
41%
Emu
29%
Nicole Kidman
29%
Qantas
18%
Grande Barreira de Coral
12%
Vegemite
12%
Perth
6%
Praia de Bondi
6%
Uluru
6%
Didgeridoo
0%
Donald Bradam
0%
Opala
0%
Nenhum quiz correspondente encontrado
Distribuição das Pontuações
Porcentagem de Pessoas com Cada Pontuação
Percentil de Números Respondidos
Sua Pontuação Histórica
Você não jogou esse quiz